K harmonizaci odpovědnosti za škody na životním prostředí

Pripravovaný nový režim právnej zodpovednosti za škody na životnom prostredí a Biela listina Európskej únie týkajúca sa tejto problematiky. Hlavné znaky nového režimu. Definícia škody na životnom prostredí analyzovaná v štyroch bodoch.

Na minha lista:
Detalhes bibliográficos
Autor principal: Zikán, Václav
Formato: Capítulo de Livro
Idioma:tcheco
Assuntos:
Tags: Adicionar Tag
Sem tags, seja o primeiro a adicionar uma tag!

MARC

LEADER 00000naa a2200000 4500
001 r034451
005 20230922095557.0
041 0 |a cze 
044 |a CZ 
245 1 0 |a K harmonizaci odpovědnosti za škody na životním prostředí  |c Václav Zikán 
520 |a Pripravovaný nový režim právnej zodpovednosti za škody na životnom prostredí a Biela listina Európskej únie týkajúca sa tejto problematiky. Hlavné znaky nového režimu. Definícia škody na životnom prostredí analyzovaná v štyroch bodoch. 
610 2 0 |a prostredie životné 
610 2 0 |a škody 
610 2 0 |a poistenie zodpovednosti za škody 
610 2 0 |a poistenie 
610 2 0 |a environmentalistika 
610 2 0 |a Európska únia 
610 2 0 |a ochrana prostredia životného 
610 2 0 |a právo ochrany prostredia 
610 2 0 |a zodpovednosť právna 
100 1 |a Zikán, Václav